[Event "IECG CP.2003.P.00050 email"]
[Site "IECG email"]
[Date "2003.10.01"]
[Round "?"]
[White "Caridi, Nicolo"]
[Black "Pittlik, Volker"]
[Result "0-1"]
[WhiteElo "1759"]
[BlackElo "800"]
[PlyCount "68"]
[EventDate "2003.10.01"]
[EventType "tourn (corr)"]
[EventRounds "6"]
[EventCountry "ESP"]
[SourceTitle "Corr 2008"]
[Source "ChessBase"]
[SourceDate "2008.06.24"]
[SourceVersion "1"]
[SourceVersionDate "2008.06.24"]
[SourceQuality "1"]

1. d4 d5 2. c4 dxc4 3. Nf3 c6 4. e3 Be6 5. Nc3 b5 6. a4 Qa5 7. Bd2 b4 8. Ne4 Bf5 9. Ng3 c3 10. bxc3 bxc3 11. Bc1 e6 12. Qb3 Qb6 13. Bc4 Qxb3 14. Bxb3 Nd7 15. Nxf5 exf5 16. 0-0 Bb4 17. a5 Ngf6 18. Ra4 Rb8 19. Ba3 c5 20. dxc5 Bxc5 21. Bc2 0-0 22. Bxf5 Rfc8 23. Nd4 g6 24. Bc2 Nd5 25. e4 Nb4 26. Bxb4 Rxb4 27. Rxb4 Bxb4 28. Rb1 Bxa5 29. Rb7 Nc5 30. Rxa7 Bb6 31. Re7 Kf8 32. Re5 Nd3 33. Nf3 Nxe5 34. Nxe5 Ra8 0-1

[Event "IECG CP.2003.P.00050 email"]
[Site "IECG email"]
[Date "2003.10.01"]
[Round "?"]
[White "Pittlik, Volker"]
[Black "Maltez, Nuno Manuel Fidalgo"]
[Result "1-0"]
[WhiteElo "800"]
[BlackElo "1572"]
[PlyCount "65"]
[EventDate "2003.10.01"]
[EventType "tourn (corr)"]
[EventRounds "6"]
[EventCountry "ESP"]
[SourceTitle "Corr 2008"]
[Source "ChessBase"]
[SourceDate "2008.06.24"]
[SourceVersion "1"]
[SourceVersionDate "2008.06.24"]
[SourceQuality "1"]

1. e4 e5 2. Nf3 Nc6 3. Bb5 a6 4. Ba4 Nf6 5. 0-0 Nxe4 6. d4 b5 7. Bb3 d5 8. dxe5 Be6 9. Nbd2 Nc5 10. c3 Bg4 11. Bc2 Ne6 12. Re1 Bc5 13. Nb3 Bb6 14. a4 Ne7 15. axb5 axb5 16. Rxa8 Qxa8 17. Qd3 c6 18. Nfd4 Qc8 19. Qg3 Nxd4 20. Nxd4 Bxd4 21. cxd4 Bf5 22. Qxg7 Rg8 23. Bxf5 Qxf5 24. Qf6 Rg4 25. Qd6 Qg6 26. Qb8+ Kd7 27. g3 Qe6 28. Bd2 Rg8 29. Qb7+ Ke8 30. Ra1 f6 31. Bb4 Kf7 32. Bxe7 Qxe7 33. e6+ 1-0

[Event "IECG CP.2003.P.00050 email"]
[Site "IECG email"]
[Date "2003.10.01"]
[Round "?"]
[White "Pittlik, Volker"]
[Black "Rubio Doblas, Francisco Javier"]
[Result "1/2-1/2"]
[WhiteElo "800"]
[BlackElo "2241"]
[PlyCount "56"]
[EventDate "2003.10.01"]
[EventType "tourn (corr)"]
[EventRounds "6"]
[EventCountry "ESP"]
[SourceTitle "Corr 2008"]
[Source "ChessBase"]
[SourceDate "2008.06.24"]
[SourceVersion "1"]
[SourceVersionDate "2008.06.24"]
[SourceQuality "1"]

1. e4 c5 2. Nf3 d6 3. d4 cxd4 4. Nxd4 a6 5. c4 Nf6 6. Nc3 e6 7. Be2 Be7 8. 0-0 0-0 9. f4 Qc7 10. Be3 Nbd7 11. Qc2 b6 12. g4 Bb7 13. g5 Ne8 14. f5 Qd8 15. fxe6 Bxg5 16. Qd2 Bxe3+ 17. Qxe3 fxe6 18. Nxe6 Rxf1+ 19. Rxf1 Qe7 20. Bg4 Nef6 21. Bf5 Nc5 22. Nd5 Bxd5 23. exd5 Kh8 24. b4 Nxe6 25. dxe6 b5 26. c5 Rc8 27. cxd6 Qxd6 28. a3 Re8 1/2-1/2